000 00287nam a22001337a 4500
008 180907b xxu||||| |||| 00| 0 eng d
020 _a639277686916
041 _aeng
080 _a821
100 _a22
101 _aGJU
245 _aRenaissance Genius
_cGalilet.G
942 _2udc
_cBK
999 _c47606
_d47606